| 000 | 00375nam a2200145Ia 4500 | ||
|---|---|---|---|
| 008 | 210716s1996 xx 000 0 und d | ||
| 041 | _aeng | ||
| 082 | _a004.68 LINK | ||
| 100 | _aLindberg, Kelley J P. | ||
| 245 | _aNetware 4.1 administrators handbook. | ||
| 250 | _a1 | ||
| 260 |
_aNew Delhi _bComdex computer publishing _c1996 |
||
| 300 | _axix,477,16 | ||
| 650 | _aNone | ||
| 999 |
_c183047 _d183047 |
||